00478nam a2200145 a 450000100100000000500170001000800410002702000150006804000250008308200110010824501050011926000530022430000270027770000280030400004782820201002060748.0110418s1994 dr 000 0 spa d a8495188031 aDO-SdBNPbspacBNPHU accbxx00aEducación y participación :bcamino hacia la democracia /cilustración Rubén Peña Rosario. aSanto Domingo :bCentro Cultural Proveda,c1994. a20 p. :bil. ;c28 cm.1 aPeña Rosario, Rubén